Statistics for Youngest Countries Quiz

Click here to take the quiz!

General Stats

  • This quiz has been taken 926 times
    (904 since last reset)
  • The average score is 21 of 33

Answer Stats

Country% Correct
South Sudan
86%
Serbia
84%
Kosovo
82%
Bosnia and Hezegovina
81%
Croatia
80%
Slovenia
79%
Montenegro
79%
Ukraine
77%
Lithuania
76%
Latvia
76%
Slovakia
76%
Estonia
76%
Belarus
75%
Macedonia
75%
Czech Republic
72%
Turkmenistan
71%
Uzbekistan
71%
Armenia
71%
Tajikistan
70%
Azerbaijan
69%
Georgia
69%
Moldova
68%
Kazakhstan
68%
Kyrgyzstan
61%
Russia
60%
East Timor
59%
Eritrea
48%
Germany
47%
Yemen
36%
Palau
32%
Micronesia
27%
Marshall Islands
26%
Namibia
22%

Score Distribution

Percentile by Number Answered

Percent of People with Each Score

Your Score History

You have not taken this quiz since the last reset